000 00206 a2200073 4500
245 0 _aAmplitudno-fazovaja konversija /
_cKrylov G.M..
710 2 _aSvjaz'.
_eWydawca
_4pbl
260 _aMoskva :
_bSvjaz',
_c1979.
300 _a255 s.;
_c24 cm.
999 _c2984
_d2984